JLPT N5 Kanji - Random 30 - Statistics

General Stats
  • This quiz has been taken 7,083 times
  • The average score is 22 of 30
Answer Stats
Kanji Meaning % Correct
Two
94%
Three
93%
Four
92%
One
92%
Ten
91%
Water
91%
Book / Present / Main / True / Real
89%
Fire
89%
Person
89%
Sun / Day / Japan
89%
Month / Moon
88%
Mountain
88%
River
88%
Five
87%
Mouth
87%
Rain
87%
Seven
87%
Six
87%
Tree / Wood
87%
Below / Down / Under / Descend / Give / Low / Inferior
86%
Large / Big
86%
Nine
86%
Small / Little
86%
What
86%
Female / Woman
85%
In / Inside / Middle / Center / Mean / Medium
85%
Right
85%
Child
84%
Circle / Yen / Round
84%
Eight
84%
Up / Above
84%
Left
82%
Mother
82%
Father
81%
Gold / Money
81%
See / Hopes / Chances / Idea / Opinion / Look at / Visible
79%
Hundred
78%
Country
77%
Eat / Food
77%
Eye / Class / Look / Insight / Experience / Care / Favor
77%
Hand
77%
Male / Man
77%
Name / Noted / Distinguished / Reputation
77%
Car
76%
Go / Going / Journey
76%
Ground / Earth / Soil / Turkey
76%
Thousand
76%
White
76%
Fish
75%
Language
75%
Now
75%
Flower
74%
Year
74%
Ear
73%
Exit / Leave
73%
Learning / Study / Science
73%
Part / Minute / Segment
72%
Story / Talk / Speak / Conversation / Chat
72%
North
71%
Old
71%
Time / Hour
71%
Heaven / Sky / Imperial
69%
Enter / Insert
68%
Friend
66%
Half / Middle / Semi / Part
66%
Ten thousand
66%
西 West / Spain
66%
Electricity
65%
Rest / Day off / Retire / Sleep
65%
Spirit / Mind / Air / Atmosphere / Mood
65%
Tall / High
65%
Few / Little
64%
Hear / Ask / Listen
63%
Every
62%
Stand up / Erect
62%
Write
62%
Come / Due / Next / Cause / Become
61%
Drink
61%
East
61%
In front / Before
61%
South
61%
Buy
60%
Leg / foot
60%
Many / Frequent / Much
60%
Life / Birth / Genuine
59%
Outside
59%
Say / Word
59%
Meeting / Meet / Party / Association / Interview / Join
58%
New
58%
School / Exam / Printing / Proof / Correction
58%
Long / Leader
57%
Read
57%
Station
56%
Store / Shop
56%
Sky / Empty / Void / Vacant / Vacuum
54%
Week
53%
Before / Ahead / Previous / Future / Precedence
50%
Behind / Back / Later
46%
Cheap / Safe / Relax
46%
Road
45%
Company / Firm / Office / Association / Shrine
44%
Space / Interval
42%
Noon
41%
No matching quizzes found
Score Distribution
Percent of People with Each Score
Percentile by Number Answered
Your Score History
You have not taken this quiz